[Event "AUTO-OPEN-4302"]
[Site "http://www.queenalice.com/game.php?id=1767566"]
[Date "2021.8.21"]
[Round "1"]
[White "bahouais"]
[Black "TheOperator"]
[Result "1-0"]
[WhiteElo "2124"]
[BlackElo "1589"]

1. Nf3 d5 2. g3 Nf6 3. Bg2 Nc6 4. d4 e6 5. O-O Bd6 6. c4 b6 7. Nc3 a6 8. Bg5 O-O
9. cxd5 exd5 10. Nxd5 Be6 11. Nxf6+ gxf6 12. Bh4 Bf5 13. Nd2 Nxd4 14. Bxa8 Qxa8
15. e4 Bg6 16. Bxf6 Ne6 17. Qg4 Bc5 18. Rae1 Bd4 19. Bxd4 Nxd4 20. f4 Qd8 21. f5
Qd7 22. h3 Qd6 23. fxg6 hxg6 24. e5 Qe7 25. Ne4 Qxe5 26. Nf6+ Kg7 27. Rxe5 Rd8
28. Nh5+ Kf8 29. Qxg6 1-0

[Event "AUTO-INT-3696"]
[Site "http://www.queenalice.com/game.php?id=1767674"]
[Date "2021.8.23"]
[Round "1"]
[White "Ruusgugg"]
[Black "TheOperator"]
[Result "1-0"]
[WhiteElo "1347"]
[BlackElo "1566"]

1. e4 e5 2. d4 Nc6 3. d5 Nce7 4. f4 d6 5. c4 g6 6. fxe5 dxe5 7. c5 Bd7 8. Qb3
Bc8 9. Nf3 Bg7 10. Ng5 h6 11. Nf3 Bd7 12. Bb5 c6 13. dxc6 bxc6 14. Bc4 Be6 15.
Bxe6 fxe6 16. Qxe6 Nf6 17. Nxe5 Kf8 18. Qf7# 1-0

[Event "AUTO-INT-3696"]
[Site "http://www.queenalice.com/game.php?id=1767675"]
[Date "2021.8.23"]
[Round "1"]
[White "TheOperator"]
[Black "Ruusgugg"]
[Result "1-0"]
[WhiteElo "1542"]
[BlackElo "1374"]

1. e4 e5 2. b3 d5 3. Bd3 d4 4. Nf3 Nc6 5. Bb2 Nb4 6. Bc4 Bd7 7. a3 Nc6 8. c3 Na5
9. Bd3 g5 10. h3 h5 11. Nxe5 Be6 12. b4 Nb3 13. Ra2 c5 14. a4 Nxd2 15. Qxd2 cxb4
16. Ra1 bxc3 17. Nxc3 dxc3 18. Bxc3 f6 19. Ng6 Rh7 20. Nxf8 Kxf8 21. Bb4+ Ke8
22. O-O a5 23. Ba3 Bd7 24. Rfe1 g4 25. h4 Bxa4 26. Rac1 Rd7 27. Rc3 Rc8 28. Bc5
Bb5 29. Re3 Bc6 30. e5 Kf7 31. e6+ Kg7 32. exd7 Qxd7 33. Rc4 b6 34. Bxb6 Qd5 35.
Rg3 Rb8 36. Bxa5 Rb5 37. Bc7 Rb3 38. Qc2 Rb7 39. Bh7 Rxc7 40. Rc5 Qf7 41. f3 Kh6
42. Bf5 gxf3 43. gxf3 Ne7 44. Qd2# 1-0

[Event "AUTO-INT-3696"]
[Site "http://www.queenalice.com/game.php?id=1767688"]
[Date "2021.8.23"]
[Round "1"]
[White "krystian"]
[Black "TheOperator"]
[Result "1-0"]
[WhiteElo "1564"]
[BlackElo "1582"]

1. d4 d5 2. Nf3 Nc6 3. Bg5 h6 4. Bh4 Nf6 5. Nc3 e6 6. e4 Be7 7. Bb5 Bd7 8. Bxf6
Bxf6 9. e5 Be7 10. O-O a6 11. Be2 Bf8 12. a3 Qe7 13. Rb1 Na5 14. b4 Nc4 15. Bxc4
dxc4 16. d5 b5 17. Re1 g6 18. dxe6 Qxe6 19. Nd5 Qc6 20. Re3 Bg7 21. Nf6+ Bxf6
22. exf6+ Kd8 23. Ne5 Qe6 24. Nxg6 Qxf6 25. Nxh8 Qxh8 26. Qf3 Rb8 27. Qxf7 Kc8
28. Rd1 Bc6 29. Re7 Kb7 30. Rxc7+ Kb6 31. Qe7 Qc3 32. h3 Qxa3 33. Ra7 Qc3 34.
Qc7# 1-0

[Event "AUTO-INT-3696"]
[Site "http://www.queenalice.com/game.php?id=1767689"]
[Date "2021.8.23"]
[Round "1"]
[White "TheOperator"]
[Black "krystian"]
[Result "0-1"]
[WhiteElo "1540"]
[BlackElo "1558"]

1. e4 e5 2. Nc3 Nc6 3. a3 Nf6 4. Bc4 d6 5. Ba2 Be7 6. Nf3 O-O 7. O-O Bg4 8. d3
a6 9. a4 Rb8 10. Qd2 Bxf3 11. gxf3 Nd4 12. Qd1 Nh5 13. Be3 Ne6 14. Ne2 Bg5 15.
Ng3 Bxe3 16. fxe3 Qg5 17. Qe1 Nc5 18. Bc4 Kh8 19. Kh1 Nd7 20. Qf2 b5 21. Bb3 f5
22. Rg1 Qh4 23. Be6 f4 24. exf4 exf4 25. Bxd7 fxg3 26. Rxg3 Nxg3+ 27. Qxg3 Qxg3
28. hxg3 Rxf3 29. Kg2 Rf7 30. Bc6 Rbf8 31. Kh3 b4 32. Bd5 Rf2 33. Be6 Rxc2 34.
b3 g5 35. Kg4 h6 36. Rh1 Kg7 37. Kh5 Rf3 38. Rg1 Rxd3 0-1

[Event "AUTO-INT-3696"]
[Site "http://www.queenalice.com/game.php?id=1767696"]
[Date "2021.8.23"]
[Round "1"]
[White "cavaliernoir"]
[Black "TheOperator"]
[Result "0-1"]
[WhiteElo "1538"]
[BlackElo "1525"]

1. e4 e5 2. Nf3 d6 3. Nc3 Nf6 4. Bc4 h6 5. O-O Nc6 6. Bb5 Be7 7. Bxc6+ bxc6 8.
d3 Bb7 9. Be3 a6 10. a4 c5 11. b3 Qd7 12. Nh4 O-O 13. Nf5 Bd8 14. f3 c6 15. Ne2
Bb6 16. Neg3 d5 17. c3 d4 18. cxd4 cxd4 19. Bf2 c5 20. a5 Bd8 21. Ne2 Qe6 22.
Nc1 Nh5 23. Ne2 Qg6 24. Neg3 Nf4 25. Re1 Qg5 26. Nd6 Bc8 27. Rc1 Bxa5 28. Rf1
Be6 29. Rxc5 Bb4 30. Rc6 Bxd6 31. Rxd6 Rfc8 32. Rb6 Rc3 33. b4 Nxd3 34. Qa1 Rc2
35. Qd1 Rd2 36. Qa4 Bc4 37. Rc6 Bb5 38. Qa5 Bxc6 39. Qa3 Nxf2 40. Rxf2 Rd1+ 41.
Nf1 Bb5 42. Qb2 Qe3 43. g3 Bxf1 44. Qc2 Qe1 0-1

[Event "AUTO-INT-3696"]
[Site "http://www.queenalice.com/game.php?id=1767697"]
[Date "2021.8.23"]
[Round "1"]
[White "TheOperator"]
[Black "cavaliernoir"]
[Result "1-0"]
[WhiteElo "1571"]
[BlackElo "1562"]

1. e4 e5 2. Nc3 c6 3. Nf3 d6 4. b4 Nf6 5. Be2 Be7 6. h3 Nh5 7. d4 exd4 8. Nxd4
Nf4 9. O-O Bf6 10. Bxf4 Na6 11. a3 c5 12. Nf5 Bxf5 13. exf5 Bxc3 14. Rb1 cxb4
15. Bxd6 Qf6 16. Bb5+ Kd8 17. Be5+ Ke7 18. Qd7+ Kf8 19. Bxf6 Bxf6 20. Qxb7 Rb8
21. Qxa6 Ra8 22. Rxb4 Bc3 23. Qd6+ Kg8 24. Rb3 Bf6 25. Bc4 1-0

[Event "AUTO-INT-3705"]
[Site "http://www.queenalice.com/game.php?id=1771205"]
[Date "2021.10.1"]
[Round "1"]
[White "TheOperator"]
[Black "Dinda54"]
[Result "0-1"]
[WhiteElo "1504"]
[BlackElo "1830"]

1. e4 e5 2. Nf3 Bd6 3. Bc4 h6 4. a3 Nf6 5. Nc3 Bc5 6. h3 O-O 7. O-O d6 8. d3 a6
9. Qe2 Nc6 10. b4 Bb6 11. Bd2 Nd4 12. Qd1 Bd7 13. Nd5 c6 14. Nxb6 Rb8 15. Nxd7
Qxd7 16. Nxd4 exd4 17. Qf3 b5 18. Bb3 c5 19. c3 c4 20. dxc4 Rfe8 21. Rae1 bxc4
22. Bxc4 dxc3 23. Bxc3 Re7 24. Bxa6 Ra8 25. b5 Rae8 26. e5 dxe5 27. Rd1 Qe6 28.
Bb7 Rb8 29. Bc6 e4 30. Qe2 Qf5 31. a4 Nh5 32. Bd2 Qe5 33. Qg4 Nf6 34. Qe2 Rd8
35. Rb1 Rd3 36. Rfc1 Ra3 37. Bb4 Rxh3 38. Bd2 Qh2+ 0-1

[Event "AUTO-INT-3705"]
[Site "http://www.queenalice.com/game.php?id=1771206"]
[Date "2021.10.1"]
[Round "1"]
[White "Dinda54"]
[Black "TheOperator"]
[Result "1-0"]
[WhiteElo "1839"]
[BlackElo "1501"]

1. e4 e5 2. Bc4 Nc6 3. Qf3 Nf6 4. a3 d6 5. h3 Bd7 6. Qb3 Be6 7. Bd5 Rb8 8. Bxe6
fxe6 9. Qxe6+ Be7 10. Qb3 Nxe4 11. d3 Nc5 12. Qc4 Qd7 13. Qd5 Ne6 14. Qf3 Ncd4
15. Qd1 h6 16. c3 Nb3 17. Qxb3 O-O 18. Nf3 Kh8 19. O-O Nc5 20. Qd1 Qf5 21. Ne1
d5 22. b4 Ne6 23. Nf3 e4 24. dxe4 dxe4 25. Nd4 Nxd4 26. Qxd4 b6 27. Qe3 Rfe8 28.
f3 exf3 29. Rxf3 Qg6 30. Qf2 a6 31. Be3 Red8 32. Nd2 Rbc8 33. Rf7 Bd6 34. Nc4
Bf8 35. Ne5 Qe6 36. Qg3 Re8 37. Bd4 c5 38. Ng6+ Kh7 39. Nxf8+ 1-0

[Event "AUTO-INT-3705"]
[Site "http://www.queenalice.com/game.php?id=1771209"]
[Date "2021.10.1"]
[Round "1"]
[White "TheOperator"]
[Black "Ruusgugg"]
[Result "0-1"]
[WhiteElo "1449"]
[BlackElo "1503"]

1. e4 d5 2. e5 f5 3. d4 e6 4. Nf3 a6 5. g3 b5 6. a3 Nc6 7. Bg2 b4 8. O-O h6 9.
c3 bxc3 10. Nxc3 g5 11. Qd3 g4 12. Nh4 Na5 13. Qc2 c5 14. dxc5 Ra7 15. Ne2 Rc7
16. Be3 Nc4 17. Ng6 Rhh7 18. Nxf8 Kxf8 19. f3 Nxe3 20. Qc1 Nxf1 21. Bxf1 gxf3
22. Nf4 h5 23. Ng6+ Kg7 24. Nh4 Nh6 25. Nxf3 Ng4 26. b4 Qf8 27. Qg5+ Kh8 28. Rc1
Rcg7 29. Qd2 Qg8 30. c6 h4 31. gxh4 Nxh2+ 32. Kxh2 Rg3 33. Bg2 Qg4 34. Rf1 Rg7
35. Qf2 f4 36. Rg1 Rh7 37. Rh1 Rc7 38. Rc1 Rg7 39. Rc2 Rc7 40. Qd2 Ra7 41. Qd4
a5 42. Qxa7 axb4 43. axb4 Qf5 44. Rc1 Qg6 45. Ne1 Qg4 46. Qa8 Qxh4+ 0-1

[Event "AUTO-INT-3705"]
[Site "http://www.queenalice.com/game.php?id=1771210"]
[Date "2021.10.1"]
[Round "1"]
[White "Ruusgugg"]
[Black "TheOperator"]
[Result "1-0"]
[WhiteElo "1415"]
[BlackElo "1549"]

1. e4 e5 2. d4 Nc6 3. d5 Nce7 4. c4 d6 5. a4 Nf6 6. Nc3 a6 7. b4 Ng6 8. c5 dxc5
9. bxc5 Bxc5 10. h4 Bg4 11. f3 Bd7 12. h5 Ne7 13. Bb2 Be3 14. Nge2 h6 15. Qd3
Bb6 16. O-O-O Bc5 17. g4 O-O 18. Qd2 Bc8 19. Ng3 Bd7 20. g5 Nxh5 21. Nxh5 Ng6
22. Bc4 Qe7 23. Rdg1 Bxg1 24. Rxg1 b5 25. gxh6 1-0

[Event "AUTO-OPEN-4313"]
[Site "http://www.queenalice.com/game.php?id=1771426"]
[Date "2021.10.4"]
[Round "1"]
[White "pomar"]
[Black "TheOperator"]
[Result "1-0"]
[WhiteElo "1919"]
[BlackElo "1551"]

1. f3 e5 2. Kf2 Bc5+ 3. e3 Nf6 4. d4 Bd6 5. c4 b6 6. Nc3 O-O 7. d5 Qe7 8. a3 a6
9. b3 Bb7 10. g3 c6 11. e4 cxd5 12. cxd5 b5 13. Bb2 Bc5+ 14. Kg2 d6 15. b4 Bb6
16. Nh3 h6 17. Nf2 Bc8 18. Bd3 Qd7 19. Rf1 Bd4 20. Qc2 Nh5 21. Ne2 Qe7 22. Nxd4
exd4 23. Bxd4 Nd7 24. Rae1 Qg5 25. Nh3 Qe7 26. Qc3 Nhf6 27. f4 Bb7 28. Qb3 Bc8
29. e5 Nh5 30. e6 fxe6 31. Rxe6 Qd8 32. Rxd6 Qe7 33. Re6 Qd8 34. d6 Ndf6 35.
Rxf6+ Kh8 36. Rxh6# 1-0

[Event "AUTO-OPEN-4313"]
[Site "http://www.queenalice.com/game.php?id=1771427"]
[Date "2021.10.4"]
[Round "1"]
[White "TheOperator"]
[Black "pomar"]
[Result "0-1"]
[WhiteElo "1528"]
[BlackElo "1899"]

1. e4 e6 2. Nc3 c5 3. Nf3 Nc6 4. a3 a6 5. d3 d5 6. d4 dxe4 7. Nxe4 cxd4 8. c3
dxc3 9. Nxc3 Qb6 10. Be2 Bd7 11. O-O Nf6 12. Be3 Qc7 13. Qd2 Be7 14. Bf4 e5 15.
Bg3 Rd8 16. h3 O-O 17. Bd3 Bf5 18. Rfd1 Rxd3 19. Qe2 Rxd1+ 20. Rxd1 Bd6 21. Nh4
Be6 22. Ne4 Nxe4 23. Qxe4 g6 24. Nf3 f5 25. Qh4 f4 26. Bh2 Kg7 27. Ng5 Bg8 28.
b4 Nd4 29. Kh1 Be7 30. Qg4 h6 31. Nf3 Bb3 32. Re1 Be6 33. Qxe6 Nxf3 34. gxf3 Bf6
35. Qb3 Rd8 36. Rd1 g5 37. Kg1 Rd4 38. Kg2 Qd6 39. Rc1 Rd3 40. Qc2 Qd5 41. Qe2
Rxa3 42. Rd1 Qc6 0-1

[Event "AUTO-OPEN-4313"]
[Site "http://www.queenalice.com/game.php?id=1771453"]
[Date "2021.10.4"]
[Round "1"]
[White "RobertD"]
[Black "TheOperator"]
[Result "1-0"]
[WhiteElo "1971"]
[BlackElo "1518"]

1. e4 e5 2. Bc4 Nf6 3. Nc3 a6 4. a3 Be7 5. Nf3 h6 6. Nxe5 O-O 7. d4 c6 8. d5 d6
9. Nf3 Nbd7 10. dxc6 bxc6 11. Bf4 Bb7 12. O-O Nb6 13. Bb3 a5 14. Re1 Nbd7 15. e5
dxe5 16. Nxe5 Nxe5 17. Bxe5 Qb6 18. Na4 Qa6 19. Re3 Rad8 20. Qe1 c5 21. Bc7 Rd7
22. Rxe7 Rxe7 23. Qxe7 Qc6 24. f3 Nd5 25. Bxd5 Qxd5 26. Bd6 Rc8 27. Nb6 Qd4+ 28.
Kh1 Qxb2 29. Be5 Qxb6 30. Bc3 a4 31. Qe1 Qg6 32. Qf2 Bd5 33. Re1 Be6 34. Re4 Bf5
35. Re2 Be6 36. Qe1 c4 37. h4 Rd8 38. Kh2 Rd5 39. g4 h5 40. Rg2 Kh7 41. gxh5
Qxh5 42. Rxg7+ 1-0

[Event "AUTO-OPEN-4313"]
[Site "http://www.queenalice.com/game.php?id=1771454"]
[Date "2021.10.4"]
[Round "1"]
[White "TheOperator"]
[Black "bdpq"]
[Result "0-1"]
[WhiteElo "1497"]
[BlackElo "1628"]

1. e4 d5 2. e5 e6 3. Nf3 Bc5 4. d4 Bb6 5. Nc3 Ne7 6. Bg5 O-O 7. a3 Ba5 8. b4 Bb6
9. Bd3 Bd7 10. O-O h6 11. Bh4 Nbc6 12. Ne2 a5 13. b5 Na7 14. a4 Qe8 15. Ng3 c6
16. c4 dxc4 17. Bxc4 cxb5 18. Bb3 bxa4 19. Bxa4 Nf5 20. Nxf5 exf5 21. Bc2 Nb5
22. Qd2 Nc7 23. d5 Qc8 24. d6 Na6 25. Nd4 Bxd4 26. Rac1 Qc5 27. Qf4 Rae8 28.
Rfe1 Bxe5 29. Rxe5 Qxd6 30. Rce1 Qg6 31. Bxf5 Bxf5 32. Bg3 Nc7 33. Qc4 Ne6 34.
h3 Bd3 35. Qb3 Bc2 36. Qxb7 Rb8 37. Qf3 Rb3 38. Qd5 Rd8 39. Qxa5 Rd1 40. Qa8+
Kh7 41. f3 Qxg3 42. Qa2 Rxe1+ 43. Rxe1 Qxe1+ 44. Kh2 Qe5+ 45. Kg1 Rb1+ 46. Kf2
Qe1# 0-1

[Event "AUTO-OPEN-4313"]
[Site "http://www.queenalice.com/game.php?id=1771455"]
[Date "2021.10.4"]
[Round "1"]
[White "bdpq"]
[Black "TheOperator"]
[Result "1-0"]
[WhiteElo "1616"]
[BlackElo "1516"]

1. e4 e5 2. d4 Bd6 3. d5 Nf6 4. Bg5 h6 5. Bh4 Qe7 6. Nc3 O-O 7. Bxf6 Qxf6 8. Nf3
a6 9. Bc4 c6 10. dxc6 Nxc6 11. Nd5 Qd8 12. O-O b5 13. g3 bxc4 14. b3 Na5 15. b4
Nc6 16. c3 Ne7 17. a4 a5 18. Nxe7+ Qxe7 19. b5 Bb7 20. Qe2 Rac8 21. Rfd1 Qe6 22.
Rd2 Be7 23. Rad1 Rfd8 24. Rb1 Bc5 25. Nh4 d5 26. Rbd1 dxe4 27. Rxd8+ Rxd8 28.
Rxd8+ Bf8 29. Qe3 g6 30. Qa7 Bd5 31. Qxa5 Kg7 32. Rb8 Be7 33. h3 Qxh3 34. b6 g5
35. Qxd5 gxh4 36. Qxe5+ Kh7 37. Qh8+ Kg6 38. Qe5 1-0

[Event "AUTO-INT-3723"]
[Site "http://www.queenalice.com/game.php?id=1776926"]
[Date "2021.12.12"]
[Round "1"]
[White "profeta"]
[Black "TheOperator"]
[Result "1-0"]
[WhiteElo "1622"]
[BlackElo "1465"]

1. e4 e5 2. Nf3 Nc6 3. Nc3 Nf6 4. a3 d6 5. Bb5 h6 6. h3 Bd7 7. d4 a6 8. Bxc6
Bxc6 9. d5 Bd7 10. a4 b6 11. O-O Be7 12. b4 1-0

[Event "AUTO-INT-3723"]
[Site "http://www.queenalice.com/game.php?id=1776927"]
[Date "2021.12.12"]
[Round "1"]
[White "TheOperator"]
[Black "profeta"]
[Result "0-1"]
[WhiteElo "1476"]
[BlackElo "1611"]

1. e4 e5 2. Nc3 Nc6 3. a3 Nf6 4. d3 h6 5. Nf3 a6 6. Be2 d6 7. O-O Bg4 8. h3 Bxf3
9. Bxf3 Nd4 10. b4 Nxf3+ 11. Qxf3 c6 12. Be3 g5 0-1

[Event "AUTO-INT-3723"]
[Site "http://www.queenalice.com/game.php?id=1776937"]
[Date "2021.12.12"]
[Round "1"]
[White "TheOperator"]
[Black "mvson33"]
[Result "0-1"]
[WhiteElo "1486"]
[BlackElo "1809"]

1. e4 e5 2. Nf3 Nc6 3. Bc4 Bc5 4. a3 Nf6 5. h3 O-O 6. Nc3 a6 7. b4 Ba7 8. O-O d6
9. d3 Nd4 10. Nd5 Be6 0-1

[Event "AUTO-OPEN-4329"]
[Site "http://www.queenalice.com/game.php?id=1776990"]
[Date "2021.12.12"]
[Round "1"]
[White "TheOperator"]
[Black "Canaye"]
[Result "0-1"]
[WhiteElo "1478"]
[BlackElo "1876"]

1. e4 e6 2. Nc3 d5 3. Bd3 d4 4. Nce2 c5 5. Nf3 Nc6 6. a3 e5 7. O-O Bg4 8. h3
Bxf3 9. gxf3 Nf6 10. Kh2 Be7 11. Rg1 Rg8 12. b3 g5 13. Ng3 Qd7 0-1

[Event "AUTO-OPEN-4329"]
[Site "http://www.queenalice.com/game.php?id=1776991"]
[Date "2021.12.12"]
[Round "1"]
[White "Canaye"]
[Black "TheOperator"]
[Result "1-0"]
[WhiteElo "1874"]
[BlackElo "1480"]

1. d4 d5 2. c4 c6 3. Nc3 Nf6 4. cxd5 cxd5 5. h3 a6 6. Bf4 e6 7. e3 Be7 8. Bd3
Nc6 9. a3 h6 10. Nge2 O-O 11. Qd2 b5 12. b4 Bb7 13. O-O 1-0